| 000 | 00494nam a2200181Ia 4500 | ||
|---|---|---|---|
| 999 |
_c8389 _d8389 |
||
| 020 | _a9780323313384 | ||
| 082 |
_a612.64018 _bMOO _210th |
||
| 100 | _aKeith L. Moore | ||
| 245 | 4 |
_aThe Developing Human Clinically Oriented Embryology / _cby Keith L. Moore |
|
| 250 | _a10th | ||
| 260 |
_bElsevier _c2016 |
||
| 300 | _a524 | ||
| 440 | _aThe Developing Human | ||
| 504 | _aNIL | ||
| 650 |
_aEmbryology. _vClinically Oriented Embryology |
||
| 700 | _aby Keith L. Moore | ||
| 942 |
_cBK _2ddc _e10th |
||